| 000 | 00654cam a22002413a 4500 | ||
|---|---|---|---|
| 001 | 25291 | ||
| 003 | PGUSA | ||
| 005 | 20140828083538.0 | ||
| 008 | 080502s2008||||xxu|||||s|||||000 | eng d | ||
| 040 |
_aPGUSA _beng |
||
| 042 | _adc | ||
| 050 | 4 | _aBL | |
| 100 | 1 |
_aCohen, Chapman, _d1868- |
|
| 245 | 1 | 0 |
_aTheism or Atheism : _bThe Great Alternative _h[electronic resource] / _cChapman Cohen |
| 260 |
_bProject Gutenberg, _c2008 |
||
| 506 | _aPublic domain in the USA. | ||
| 516 | _aElectronic text | ||
| 653 | _aAtheism | ||
| 653 | _aTheism | ||
| 830 | 0 |
_aProject Gutenberg _v25291 |
|
| 856 | 4 | 0 | _uhttp://www.gutenberg.org/ebooks/25291 |
| 942 | _cEB | ||
| 999 |
_c254546 _d254546 |
||